| 000 | 00827nas a2200277 4500 | ||
|---|---|---|---|
| 001 | BR8001806 | ||
| 003 | BR-BrBNA | ||
| 005 | 20231205084249.0 | ||
| 007 | ta | ||
| 008 | 230509b bl.|||p| |||| 00| 00por d | ||
| 040 |
_aBR-BrBNA _bpor _cBiblioteca Nacional de Agricultura |
||
| 041 | _a(Pt) | ||
| 072 | _aF00 | ||
| 100 | 1 | _aCoelho, A.M. | |
| 100 | 1 | _aLima, C.A. de S. | |
| 100 | 1 | _aLeles, W.D. | |
| 245 | 1 | _aMilho [Zea mays; Grao; Rendimento; Minas Gerais; Brasil] | |
| 650 | _aProducao vegetal | ||
| 650 | _aMilho | ||
| 650 | _aGrao | ||
| 650 | _aRendimento | ||
| 650 | _aMinas Gerais | ||
| 773 | 0 |
_tInforme Agropecuario - Empresa de Pesquisa Agropecuaria de Minas Gerais (Brazil) _xISSN 0100-3364 _g(Aug 1980), v. 6(68) p. 58-61 _wBR8001806 |
|
| 909 |
_a202311 _bLúcia _c55 _dLúcia Elande |
||
| 942 |
_2AGRIS _n0 _cANA |
||
| 999 |
_c104119 _d104119 |
||